000 00800nam a2200253Ia 4500
001 Para_3477
003 CHAP
008 220125s1913 xx 000 0 und d
010 _a202042
040 _cCHAP
082 _aPA-C 595.77 D5
100 _aMalloch, J. R.
_970174
245 _aThree new species of Anthomydae (Díptera) in the United States National museum collection /
_c by J. R. Malloch
500 _aSobretiro de: Proceedings of U. S. National Museum 45 (2004): 6-3-607, 1913. Encuadernado con otros impresos similares
650 _aAnthomydae
_96034
650 _aDípteros
_933715
901 _aPA-C 595.77 D5
902 _aA
905 _a0000001913 0000000000 00
910 _a1913
942 _cPARA
942 _cPARA
_d1
999 _c202042
_d202042